00504nam a2200157Ia 4500008004100000020001800041041000800059082001600067245003900083250000600122260002900128300001600157650001800173999001900191952013600210210716s2010 xx 000 0 und d a9788131734452 aeng a153.94 QUAN aQuantitative aptitude for the CAT. a3 aNew DelhibPearsonc2010 axxxix,3.158 aAptitude Test c191507d191507 001040708MCAaAIMITbAIMITeHigginbothams Pvt Ltdg499.00l0o153.94 QUANpMCA11015r2026-05-23 00:00:00v374.25w2021-07-16yBK